| 000 | 00569 a2200205 4500 | ||
|---|---|---|---|
| 005 | 20250130105605.0 | ||
| 008 | 250130b |||||||| |||| 00| 0 eng d | ||
| 020 |
_a9789360539641 _cRs. 800.00 |
||
| 040 | _aMAIN | ||
| 082 |
_a005.133 _bD835D |
||
| 100 | _aDrozdek, Adam | ||
| 110 | _aDrozdek, Adam | ||
| 245 | _aData structures and algorithms in python | ||
| 260 |
_bCengage Learning India _aDelhi _c2024 |
||
| 300 | _axix, 729 | ||
| 650 | _aComputer Science | ||
| 650 | _aData Structures | ||
| 650 | _aPython (Computer programming language) | ||
| 942 | _cBK | ||
| 999 |
_c360755 _d360755 |
||